Moving forms of theology : (Record no. 838)

MARC details
000 -LEADER
fixed length control field 01073cam a2200337 a 4500
001 - CONTROL NUMBER
control field 13267971
003 - CONTROL NUMBER IDENTIFIER
control field GBCCL
005 - DATE AND TIME OF LATEST TRANSACTION
control field 20241126110347.0
008 - FIXED-LENGTH DATA ELEMENTS--GENERAL INFORMATION
fixed length control field 030303s2002 ii b 000 0 eng
010 ## -
-- 2003308408
020 ## - INTERNATIONAL STANDARD BOOK NUMBER
International Standard Book Number 8172147007
025 ## - OVERSEAS ACQUISITION NUMBER
Overseas acquisition number I-E-2003-308408; 13
035 ## - SYSTEM CONTROL NUMBER
System control number (DLC) 2003308408
037 ## - SOURCE OF ACQUISITION
Source of stock number/acquisition Library of Congress -- New Delhi Overseas Office
Terms of availability Rs130.00 ($12.00 U.S.)
040 ## - CATALOGING SOURCE
Original cataloging agency DLC
Transcribing agency DLC
042 ## -
-- lcode
050 00 -
-- BR118
-- .M64 2002
082 ## - DEWEY DECIMAL CLASSIFICATION NUMBER
Classification number 230
Item number MOV
245 00 - TITLE STATEMENT
Title Moving forms of theology :
Remainder of title faith talk's changing contexts /
Statement of responsibility, etc. edited by Israel Selvanayagam.
260 ## - PUBLICATION, DISTRIBUTION, ETC.
Place of publication, distribution, etc. Delhi :
Name of publisher, distributor, etc. ISPCK,
Date of publication, distribution, etc. 2002.
300 ## - PHYSICAL DESCRIPTION
Extent xviii, 196 p. ;
Dimensions 23 cm.
504 ## - BIBLIOGRAPHY, ETC. NOTE
Bibliography, etc. note Includes bibliographical references.
520 ## - SUMMARY, ETC.
Summary, etc. Contributed articles.
650 #0 - SUBJECT ADDED ENTRY--TOPICAL TERM
Topical term or geographic name entry element Theology
General subdivision Methodology.
9 (RLIN) 438
650 #0 - SUBJECT ADDED ENTRY--TOPICAL TERM
Topical term or geographic name entry element Theology, Doctrinal.
9 (RLIN) 14
700 1# - ADDED ENTRY--PERSONAL NAME
Personal name Celvanāyakam, Israyēl.
9 (RLIN) 1265
710 2# - ADDED ENTRY--CORPORATE NAME
Corporate name or jurisdiction name as entry element I.S.P.C.K (Organization)
9 (RLIN) 393
906 ## - LOCAL DATA ELEMENT F, LDF (RLIN)
a 7
b cbc
c origode
d 3
e ncip
f 20
g y-gencatlg
942 ## - ADDED ENTRY ELEMENTS (KOHA)
Source of classification or shelving scheme Dewey Decimal Classification
Koha item type Books
Koha issues (borrowed), all copies 2
Holdings
Withdrawn status Lost status Source of classification or shelving scheme Damaged status Not for loan Home library Current Library Shelving location Date acquired Total checkouts Full call number Barcode Date last seen Date last checked out Copy number Price effective from Koha item type
    Dewey Decimal Classification     GRACE BIBLE COLLEGE GRACE BIBLE COLLEGE Theology 2017-03-20 3 230 MOV 009584 2025-05-01 2024-12-05 c.1 2017-03-20 Books
© Grace Bible College Library 2025